000 00668nam a2200181Ia 4500
008 100920s9999 xx 000 0 und d
082 _b86133
_a891.464 थ 72
100 _aजोशी गोपाळ यशवंत.
245 _aअनौपचारिक मुलाखती.
260 _bप्रसाद रौप्यमहोत्सवी प्रकाशन, पुणे.
_c1972
300 _a174
_bसाधी
365 _b7
520 _aनिबंध.
630 _aअनौपचारिक मुलाखती.
650 _aनिबंध.
730 _aअनौपचारिक मुलाखती.
942 _cBOOK
999 _c726643
_d726640